[Event "DSJ Weihnachtsturnier U20w 2020"]
[Site "https://play.chessbase.com/en/play?room=DSJWeihnachtU20w"]
[Date "2020.12.29"]
[Round "7"]
[White "Evering, Enna"]
[Black "Stowicek, Yara Mathilda"]
[Result "0-1"]
[Termination "time forfeit"]
[Board "4.3"]
[WhiteElo "1568"]
[BlackElo "1736"]
[WhiteTeam "SC Papenburg"]
[BlackTeam "USV Halle"]
[PlyCount "88"]
[WhiteFideId "16218213"]
[BlackFideId "16203569"]
[EventRounds "7"]
[EventType "team-swiss"]
[EventDate "2020.12.29"]

1. e4 {[%emt 0:00:07]} e5 {[%emt 0:00:02]} 2. Nf3 {[%emt 0:00:02]} Nc6 { [%emt
0:00:04]} 3. d4 {[%emt 0:00:04]} exd4 {[%emt 0:00:02]} 4. Nxd4 {[%emt 0:
00:02]} Qh4 {[%emt 0:00:02]} 5. Nc3 {[%emt 0:00:51]} Bb4 {[%emt 0:00:03]} 6.
Ndb5 {[%emt 0:01:26]} Ba5 {[%emt 0:00:09]} 7. Bd3 {[%emt 0:00:16]} Nf6 { [%emt
0:00:12]} 8. O-O {[%emt 0:00:11]} a6 {[%emt 0:00:17]} 9. Na3 {[%emt 0:00: 11]}
Bxc3 {[%emt 0:00:02]} 10. bxc3 {[%emt 0:00:02]} O-O {[%emt 0:00:02]} 11. Re1
{[%emt 0:00:07]} Ng4 {[%emt 0:00:07]} 12. h3 {[%emt 0:01:03]} Qxf2+ { [%emt
0:00:05]} 13. Kh1 {[%emt 0:00:03]} Nge5 {[%emt 0:00:21]} 14. Rf1 { [%emt
0:00:09]} Qc5 {[%emt 0:00:12]} 15. c4 {[%emt 0:00:13]} d6 {[%emt 0:00:12] } 16.
c3 {[%emt 0:00:17]} Be6 {[%emt 0:00:14]} 17. Qb3 {[%emt 0:00:39]} Nxd3 { [%emt
0:00:06]} 18. Bf4 {[%emt 0:00:56]} Nce5 {[%emt 0:00:19]} 19. Nc2 { [%emt
0:00:18]} Bxc4 {[%emt 0:00:06]} 20. Qb1 {[%emt 0:00:11]} Nxf4 {[%emt 0: 00:27]}
21. Rxf4 {[%emt 0:00:09]} Nd3 {[%emt 0:00:03]} 22. Rf5 {[%emt 0:00:06]} Nf2+
{[%emt 0:00:07]} 23. Kh2 {[%emt 0:00:04]} Qa7 {[%emt 0:00:17]} 24. Nd4 { [%emt
0:00:20]} Bd3 {[%emt 0:00:11]} 25. Qe1 {[%emt 0:00:13]} Nxe4 {[%emt 0:00: 06]}
26. Rf3 {[%emt 0:00:13]} Nc5 {[%emt 0:00:08]} 27. Qd2 {[%emt 0:00:42]} Be4
{[%emt 0:00:13]} 28. Re3 {[%emt 0:00:06]} Rae8 {[%emt 0:00:02]} 29. Rf1 { [%emt
0:00:31]} Qb8 {[%emt 0:00:08]} 30. Rg3 {[%emt 0:00:12]} Bg6 {[%emt 0:00: 09]}
31. h4 {[%emt 0:00:24]} Ne4 {[%emt 0:00:02]} 32. Qf4 {[%emt 0:00:12]} Nxg3
{[%emt 0:00:03]} 33. Qxg3 {[%emt 0:00:01]} Qd8 {[%emt 0:00:10]} 34. Nf5 { [%emt
0:00:21]} Bxf5 {[%emt 0:00:15]} 35. Rxf5 {[%emt 0:00:03]} Qd7 {[%emt 0: 00:06]}
36. Rf3 {[%emt 0:00:06]} Re6 {[%emt 0:00:08]} 37. h5 {[%emt 0:00:05]} Rh6
{[%emt 0:00:19]} 38. Qh4 {[%emt 0:00:05]} Qe6 {[%emt 0:00:12]} 39. Rg3 { [%emt
0:00:09]} Qe5 {[%emt 0:00:09]} 40. Kg1 {[%emt 0:00:04]} Rxh5 {[%emt 0:00: 10]}
41. Kf2 {[%emt 0:00:04]} Rxh4 {[%emt 0:00:03]} 42. Rf3 {[%emt 0:00:03] .} Rf4
{[%emt 0:00:02]} 43. Kg1 {[%emt 0:00:01]} Qe1+ {[%emt 0:00:04]} 44. Kh2 { [%emt
0:00:01]} Rh4+ {[%emt 0:00:01] TimeW} 0-1

[Event "DSJ Weihnachtsturnier U20w 2020"]
[Site "https://play.chessbase.com/en/play?room=DSJWeihnachtU20w"]
[Date "2020.12.29"]
[Round "7"]
[White "Fritsch, Lea"]
[Black "Evering, Kira"]
[Result "0-1"]
[Termination "normal"]
[Board "4.4"]
[WhiteElo "1644"]
[BlackElo "1386"]
[WhiteTeam "USV Halle"]
[BlackTeam "SC Papenburg"]
[PlyCount "70"]
[WhiteFideId "16212436"]
[BlackFideId "16218221"]
[EventRounds "7"]
[EventType "team-swiss"]
[EventDate "2020.12.29"]

1. e4 {[%emt 0:00:02]} e6 {[%emt 0:00:02]} 2. d4 {[%emt 0:00:02]} d5 {[%emt 0:
00:01]} 3. Nd2 {[%emt 0:00:05]} dxe4 {[%emt 0:00:03]} 4. Nxe4 {[%emt 0:00:02]}
Nd7 {[%emt 0:00:01]} 5. Nf3 {[%emt 0:00:04]} Ngf6 {[%emt 0:00:01]} 6. Bd3 {
[%emt 0:00:05]} Be7 {[%emt 0:00:04]} 7. O-O {[%emt 0:00:04]} b6 {[%emt 0:00:03]
} 8. Re1 {[%emt 0:00:06]} Bb7 {[%emt 0:00:02]} 9. c3 {[%emt 0:00:05]} O-O {
[%emt 0:00:02]} 10. Qc2 {[%emt 0:00:10]} c5 {[%emt 0:00:06]} 11. Nxf6+ { [%emt
0:00:13]} Nxf6 {[%emt 0:00:02]} 12. dxc5 {[%emt 0:00:12]} Bxc5 {[%emt 0:
00:03]} 13. Ng5 {[%emt 0:00:08]} g6 {[%emt 0:00:47]} 14. Ne4 {[%emt 0:00:05]}
Nxe4 {[%emt 0:00:16]} 15. Bxe4 {[%emt 0:00:03]} Bxe4 {[%emt 0:00:15]} 16. Qxe4
{[%emt 0:00:00]} Qf6 {[%emt 0:00:09]} 17. Rf1 {[%emt 0:00:24]} Rad8 {[%emt 0:
00:15]} 18. Bf4 {[%emt 0:00:22]} Rd7 {[%emt 0:00:11]} 19. Be5 {[%emt 0:00:04]}
Qe7 {[%emt 0:00:46]} 20. Qg4 {[%emt 0:00:52]} Rfd8 {[%emt 0:00:20]} 21. Qf4 {
[%emt 0:00:18]} Bd6 {[%emt 0:00:35]} 22. Bxd6 {[%emt 0:00:52]} Rxd6 {[%emt 0:
00:12]} 23. h3 {[%emt 0:00:05]} Rd2 {[%emt 0:00:13]} 24. Rab1 {[%emt 0:00:10]}
Qc5 {[%emt 0:00:26]} 25. Qf3 {[%emt 0:00:24]} Rc2 {[%emt 0:00:20]} 26. Rfd1 {
[%emt 0:00:47]} Rdd2 {[%emt 0:00:27]} 27. Rxd2 {[%emt 0:00:06]} Rxd2 {[%emt 0:
00:03]} 28. b4 {[%emt 0:00:18]} Qc4 {[%emt 0:00:14]} 29. Qa8+ {[%emt 0:00:53]}
Kg7 {[%emt 0:00:06]} 30. Qxa7 {[%emt 0:00:01]} Qe2 {[%emt 0:00:05]} 31. Qxb6 {
[%emt 0:00:09]} Rxa2 {[%emt 0:00:03]} 32. Qd4+ {[%emt 0:00:05]} Kg8 {[%emt 0:
00:28]} 33. Rd1 {[%emt 0:00:26]} Rc2 {[%emt 0:00:37]} 34. Qd3 {[%emt 0:00:30]}
Qxf2+ {[%emt 0:00:08]} 35. Kh1 {[%emt 0:00:10]} Qxg2# {[%emt 0:00:01]} 0-1

[Event "DSJ Weihnachtsturnier U20w 2020"]
[Site "https://play.chessbase.com/en/play?room=DSJWeihnachtU20w"]
[Date "2020.12.29"]
[Round "7"]
[White "Fischer, Darja"]
[Black "Lange, Cecilia"]
[Result "0-1"]
[Termination "normal"]
[Board "5.1"]
[WhiteElo "1559"]
[BlackElo "1965"]
[WhiteTeam "Karlsruher SF 1853"]
[BlackTeam "TSG Oberschöneweide"]
[PlyCount "68"]
[WhiteFideId "16240898"]
[BlackFideId "12976040"]
[EventRounds "7"]
[EventType "team-swiss"]
[EventDate "2020.12.29"]

1. d4 {[%emt 0:00:10]} d5 {[%emt 0:00:04]} 2. c4 {[%emt 0:00:01]} dxc4 { [%emt
0:00:04]} 3. Nc3 {[%emt 0:00:02]} Nf6 {[%emt 0:00:02]} 4. e4 {[%emt 0:00: 01]}
e6 {[%emt 0:00:14]} 5. Bxc4 {[%emt 0:00:02]} Bb4 {[%emt 0:00:04]} 6. f3 { [%emt
0:00:17]} Bd7 {[%emt 0:00:07]} 7. Bg5 {[%emt 0:00:18]} h6 {[%emt 0:00:07] } 8.
Bh4 {[%emt 0:00:36]} Be7 {[%emt 0:00:08]} 9. Nge2 {[%emt 0:00:03]} a6 { [%emt
0:00:08]} 10. Qc2 {[%emt 0:00:02]} O-O {[%emt 0:00:34]} 11. f4 {[%emt 0:
00:18]} Nc6 {[%emt 0:00:31]} 12. h3 {[%emt 0:00:05]} Be8 {[%emt 0:00:33]} 13.
g4 {[%emt 0:01:11]} Nxd4 {[%emt 0:00:18]} 14. Nxd4 {[%emt 0:00:06]} Qxd4 {
[%emt 0:00:07]} 15. e5 {[%emt 0:00:19]} Nd5 {[%emt 0:00:34]} 16. Bxe7 {[%emt 0:
00:14]} Nxe7 {[%emt 0:00:12]} 17. Bd3 {[%emt 0:00:07]} Qxf4 {[%emt 0:00:21]}
18. Qe2 {[%emt 0:00:18]} Rd8 {[%emt 0:00:16]} 19. h4 {[%emt 0:00:07]} Qg3+ {
[%emt 0:00:04]} 20. Kd2 {[%emt 0:00:03]} Nc6 {[%emt 0:00:30]} 21. g5 {[%emt 0:
00:10]} Nxe5 {[%emt 0:00:10]} 22. Rag1 {[%emt 0:01:10]} Qxd3+ {[%emt 0:00:20]}
23. Qxd3 {[%emt 0:00:02]} Nxd3 {[%emt 0:00:27]} 24. Kc2 {[%emt 0:00:10]} hxg5 {
[%emt 0:00:46]} 25. Rxg5 {[%emt 0:00:07]} f6 {[%emt 0:00:27]} 26. Rg3 {[%emt 0:
00:01]} Ne5 {[%emt 0:00:07]} 27. h5 {[%emt 0:00:03]} Bc6 {[%emt 0:00:23]} 28.
Rh2 {[%emt 0:00:07]} Nf3 {[%emt 0:00:11]} 29. Rhh3 {[%emt 0:00:21]} Nd4+ {
[%emt 0:00:12]} 30. Kb1 {[%emt 0:00:03]} Nf5 {[%emt 0:00:07]} 31. Rg1 {[%emt 0:
00:13]} Rd2 {[%emt 0:00:11]} 32. h6 {[%emt 0:00:03]} g5 {[%emt 0:00:05]} 33.
h7+ {[%emt 0:00:48]} Kh8 {[%emt 0:00:05]} 34. Nd1 {[%emt 0:00:15]} Rf7 { [%emt
0:00:09]} 0-1

[Event "DSJ Weihnachtsturnier U20w 2020"]
[Site "https://play.chessbase.com/en/play?room=DSJWeihnachtU20w"]
[Date "2020.12.29"]
[Round "7"]
[White "Lorenz, Veronika"]
[Black "Schulz, Hannah"]
[Result "1-0"]
[Termination "normal"]
[Board "5.2"]
[WhiteElo "1336"]
[BlackElo "1539"]
[WhiteTeam "TSG Oberschöneweide"]
[BlackTeam "Karlsruher SF 1853"]
[PlyCount "119"]
[WhiteFideId "16277406"]
[BlackFideId "16244745"]
[EventRounds "7"]
[EventType "team-swiss"]
[EventDate "2020.12.29"]

1. e4 {[%emt 0:00:04]} c6 {[%emt 0:00:04]} 2. d4 {[%emt 0:00:03]} d5 {[%emt 0:
00:01]} 3. exd5 {[%emt 0:00:02]} cxd5 {[%emt 0:00:04]} 4. c4 {[%emt 0:00:05]}
Nc6 {[%emt 0:00:07]} 5. Nc3 {[%emt 0:00:18]} Nf6 {[%emt 0:00:14]} 6. Nf3 {
[%emt 0:00:05]} g6 {[%emt 0:00:05]} 7. cxd5 {[%emt 0:00:17]} Nxd5 {[%emt 0:00:
03]} 8. Bc4 {[%emt 0:00:11]} Be6 {[%emt 0:00:47]} 9. O-O {[%emt 0:00:18]} Bg7 {
[%emt 0:00:13]} 10. Be3 {[%emt 0:00:25]} O-O {[%emt 0:00:23]} 11. Qd2 {[%emt 0:
00:04]} Nxc3 {[%emt 0:00:36]} 12. Bxe6 {[%emt 0:00:10]} Ne4 {[%emt 0:00:08]}
13. Qd3 {[%emt 0:00:19]} Nf6 {[%emt 0:00:24]} 14. Bb3 {[%emt 0:00:08]} Nd5 {
[%emt 0:00:38]} 15. Rad1 {[%emt 0:00:39]} Qd7 {[%emt 0:00:13]} 16. Qe4 { [%emt
0:00:07]} Rfd8 {[%emt 0:00:23]} 17. Ne5 {[%emt 0:00:22]} Qd6 {[%emt 0:00: 54]}
18. Bf4 {[%emt 0:00:57]} Nxf4 {[%emt 0:00:33]} 19. Qxf4 {[%emt 0:00:26]} Nxe5
{[%emt 0:00:10]} 20. dxe5 {[%emt 0:00:15]} Qxe5 {[%emt 0:00:09]} 21. Qxf7+
{[%emt 0:00:05]} Kh8 {[%emt 0:00:02]} 22. Rfe1 {[%emt 0:00:13]} Rxd1 {[%emt 0:
00:11]} 23. Rxd1 {[%emt 0:00:05]} Qf6 {[%emt 0:00:34]} 24. g3 {[%emt 0:00:27]}
Rf8 {[%emt 0:00:13]} 25. Qxf6 {[%emt 0:00:12]} Bxf6 {[%emt 0:00:17]} 26. Rd7 {
[%emt 0:00:05]} Bxb2 {[%emt 0:00:18]} 27. Rxe7 {[%emt 0:00:04]} Bd4 {[%emt 0:
00:05]} 28. Bf7 {[%emt 0:00:44]} b5 {[%emt 0:01:02]} 29. Kg2 {[%emt 0:00:15]}
a5 {[%emt 0:00:14]} 30. f3 {[%emt 0:00:22]} Bc3 {[%emt 0:00:21]} 31. Rb7 {
[%emt 0:00:12]} b4 {[%emt 0:00:08]} 32. Bb3 {[%emt 0:00:21]} Ra8 {[%emt 0:00:
14]} 33. Ba4 {[%emt 0:00:28]} Kg8 {[%emt 0:00:14]} 34. Kf2 {[%emt 0:00:24]} Rd8
{[%emt 0:00:11]} 35. Bb3+ {[%emt 0:00:28]} Kh8 {[%emt 0:00:09] Karlsru3-002
offers a draw} 36. Kg2 {[%emt 0:00:33]} Rd2+ {[%emt 0:00:18]} 37. Kh3 {[%emt 0:
00:03]} a4 {[%emt 0:00:29]} 38. Bxa4 {[%emt 0:00:10]} Rxa2 {[%emt 0:00:00]} 39.
Bb3 {[%emt 0:00:01]} Rb2 {[%emt 0:00:01]} 40. Bc4 {[%emt 0:00:03]} Bg7 { [%emt
0:00:01]} 41. Rb8+ {[%emt 0:00:13]} Bf8 {[%emt 0:00:01]} 42. Rxf8+ { [%emt
0:00:02]} Kg7 {[%emt 0:00:00]} 43. Rb8 {[%emt 0:00:07]} Kf6 {[%emt 0:00: 02]}
44. Kg4 {[%emt 0:00:04]} Ke5 {[%emt 0:00:02]} 45. Bg8 {[%emt 0:00:07]} h5+
{[%emt 0:00:02]} 46. Kg5 {[%emt 0:00:03]} Rxh2 {[%emt 0:00:02]} 47. Kxg6 {
[%emt 0:00:04]} Rb2 {[%emt 0:00:04]} 48. Kxh5 {[%emt 0:00:01]} Kd4 {[%emt 0:00:
01]} 49. g4 {[%emt 0:00:05]} Ke3 {[%emt 0:00:02]} 50. g5 {[%emt 0:00:03]} Kxf3
{[%emt 0:00:01]} 51. g6 {[%emt 0:00:02]} Rh2+ {[%emt 0:00:01]} 52. Kg5 { [%emt
0:00:01]} Rg2+ {[%emt 0:00:02]} 53. Kf6 {[%emt 0:00:01]} b3 {[%emt 0:00: 02]}
54. Rxb3+ {[%emt 0:00:03]} Kf4 {[%emt 0:00:01]} 55. Rb4+ {[%emt 0:00:02]} Kf3
{[%emt 0:00:03]} 56. Bd5+ {[%emt 0:00:02]} Kf2 {[%emt 0:00:01]} 57. Bxg2 {
[%emt 0:00:02]} Kxg2 {[%emt 0:00:00]} 58. g7 {[%emt 0:00:02]} Kh1 {[%emt 0:00:
01]} 59. g8=Q {[%emt 0:00:03]} Kh2 {[%emt 0:00:00]} 60. Rh4# {[%emt 0:00:02]}
1-0

[Event "DSJ Weihnachtsturnier U20w 2020"]
[Site "https://play.chessbase.com/en/play?room=DSJWeihnachtU20w"]
[Date "2020.12.29"]
[Round "7"]
[White "Haug, Mara"]
[Black "Fock, Madiha"]
[Result "1-0"]
[Termination "normal"]
[Board "5.3"]
[WhiteElo "1379"]
[BlackElo "1278"]
[WhiteTeam "Karlsruher SF 1853"]
[BlackTeam "TSG Oberschöneweide"]
[PlyCount "67"]
[WhiteFideId "16259300"]
[BlackFideId "16253574"]
[EventRounds "7"]
[EventType "team-swiss"]
[EventDate "2020.12.29"]

1. e4 {[%emt 0:00:02]} d5 {[%emt 0:00:07]} 2. exd5 {[%emt 0:00:03]} Qxd5 {
[%emt 0:00:01]} 3. Nc3 {[%emt 0:00:02]} Qd6 {[%emt 0:00:02] Obersch1-003
reconnected.} 4. d4 {[%emt 0:00:08]} c6 {[%emt 0:00:02]} 5. Nf3 {[%emt 0:00:04]
} Bg4 {[%emt 0:00:03]} 6. Be3 {[%emt 0:00:19] Obersch1-003 reconnected.} e6 {
[%emt 0:00:10]} 7. Bc4 {[%emt 0:00:18]} Nf6 {[%emt 0:00:06]} 8. h3 {[%emt 0:00:
16]} Bh5 {[%emt 0:00:03]} 9. g4 {[%emt 0:00:23]} Bg6 {[%emt 0:00:02]} 10. Qd2 {
[%emt 0:00:16]} Qc7 {[%emt 0:00:03]} 11. Bf4 {[%emt 0:00:03]} Bd6 {[%emt 0:00:
02]} 12. Ne2 {[%emt 0:00:33]} Be4 {[%emt 0:00:11] Obersch1-003 reconnected.}
13. Bxd6 {[%emt 0:00:31]} Qxd6 {[%emt 0:00:03]} 14. Qc3 {[%emt 0:00:05]
Obersch1-003 reconnected.} Nbd7 {[%emt 0:01:12]} 15. Qb3 {[%emt 0:00:33]} Nb6 {
[%emt 0:00:05]} 16. Bd3 {[%emt 0:00:38]} Bxf3 {[%emt 0:00:07]} 17. Rg1 { [%emt
0:00:37]} Bxe2 {[%emt 0:00:06]} 18. Kxe2 {[%emt 0:00:02]} Nfd5 {[%emt 0:
00:18]} 19. Kd2 {[%emt 0:00:52]} Qf4+ {[%emt 0:00:08]} 20. Ke2 {[%emt 0:01:00]}
Qxd4 {[%emt 0:00:09]} 21. Rad1 {[%emt 0:01:11]} Nf4+ {[%emt 0:00:28]} 22. Ke1 {
[%emt 0:00:11]} Qe5+ {[%emt 0:00:14]} 23. Kf1 {[%emt 0:00:06]} Nxh3 {[%emt 0:
00:23]} 24. Rg2 {[%emt 0:00:21]} Nf4 {[%emt 0:00:21]} 25. Rg3 {[%emt 0:00:20]}
Rd8 {[%emt 0:00:28]} 26. Re3 {[%emt 0:00:18]} Qf6 {[%emt 0:00:11]} 27. Rf3 {
[%emt 0:00:15]} Qg5 {[%emt 0:00:11]} 28. Qb4 {[%emt 0:00:30]} Nxd3 {[%emt 0:00:
52]} 29. Rdxd3 {[%emt 0:00:18]} Rxd3 {[%emt 0:00:35]} 30. Rxd3 {[%emt 0:00:09]}
Qb5 {[%emt 0:00:28]} 31. Qd6 {[%emt 0:00:04]} Nd5 {[%emt 0:00:11]} 32. Qb8+ {
[%emt 0:00:10]} Ke7 {[%emt 0:00:05]} 33. Qxh8 {[%emt 0:00:01]} Nf4 {[%emt 0:00:
09]} 34. Qd8# {[%emt 0:00:05]} 1-0

[Event "DSJ Weihnachtsturnier U20w 2020"]
[Site "https://play.chessbase.com/en/play?room=DSJWeihnachtU20w"]
[Date "2020.12.29"]
[Round "7"]
[White "Leongardt, Adel"]
[Black "Hoffmann, Sophia"]
[Result "0-1"]
[Termination "normal"]
[Board "5.4"]
[WhiteElo "1157"]
[BlackElo "1266"]
[WhiteTeam "TSG Oberschöneweide"]
[BlackTeam "Karlsruher SF 1853"]
[PlyCount "40"]
[WhiteFideId "16256549"]
[BlackFideId "16259130"]
[EventRounds "7"]
[EventType "team-swiss"]
[EventDate "2020.12.29"]

1. e4 {[%emt 0:00:03]} e5 {[%emt 0:00:04]} 2. Bc4 {[%emt 0:00:03]} Bc5 { [%emt
0:00:03]} 3. Nf3 {[%emt 0:00:12]} Nc6 {[%emt 0:00:03]} 4. Nc3 {[%emt 0: 00:19]}
d6 {[%emt 0:00:02]} 5. Nd5 {[%emt 0:00:08]} Be6 {[%emt 0:00:03]} 6. d3 {[%emt
0:00:10]} Nf6 {[%emt 0:00:08]} 7. Nxf6+ {[%emt 0:00:05]} Qxf6 {[%emt 0: 00:04]}
8. Bxe6 {[%emt 0:00:02]} fxe6 {[%emt 0:00:03]} 9. Bg5 {[%emt 0:00:04]} Qg6
{[%emt 0:00:05]} 10. Qd2 {[%emt 0:00:13]} O-O {[%emt 0:00:04]} 11. O-O-O {
[%emt 0:00:03]} a5 {[%emt 0:00:03]} 12. Rhg1 {[%emt 0:00:11]} a4 {[%emt 0:00:
04]} 13. a3 {[%emt 0:00:04]} b5 {[%emt 0:00:02]} 14. Kb1 {[%emt 0:00:08]} b4 {
[%emt 0:00:02]} 15. axb4 {[%emt 0:00:05]} Bxb4 {[%emt 0:00:07]} 16. Qe2 { [%emt
0:00:15]} a3 {[%emt 0:00:04]} 17. bxa3 {[%emt 0:00:06]} Bxa3 {[%emt 0:00: 03]}
18. Qe3 {[%emt 0:00:17]} Rfb8+ {[%emt 0:00:04]} 19. Ka2 {[%emt 0:00:39]} Bc1+
{[%emt 0:00:13]} 20. Qa7 {[%emt 0:00:11]} Rxa7# {[%emt 0:00:03]} 0-1

[Event "DSJ Weihnachtsturnier U20w 2020"]
[Site "https://play.chessbase.com/en/play?room=DSJWeihnachtU20w"]
[Date "2020.12.29"]
[Round "7"]
[White "Pohle, Saskia"]
[Black "Möller, Lisa-Marie"]
[Result "1-0"]
[Termination "normal"]
[Board "6.1"]
[WhiteElo "1815"]
[BlackElo "1900"]
[WhiteTeam "Schachzwerge Magdeburg"]
[BlackTeam "Düsseldorfer Schachklub 14/25"]
[PlyCount "67"]
[WhiteFideId "16201604"]
[BlackFideId "12959367"]
[EventRounds "7"]
[EventType "team-swiss"]
[EventDate "2020.12.29"]

1. e4 {[%emt 0:00:02]} c5 {[%emt 0:00:06]} 2. Nf3 {[%emt 0:00:01]} e6 {[%emt 0:
00:02]} 3. d4 {[%emt 0:00:04]} cxd4 {[%emt 0:00:01]} 4. Nxd4 {[%emt 0:00:02]}
a6 {[%emt 0:00:01]} 5. c4 {[%emt 0:00:04]} Nf6 {[%emt 0:00:07]} 6. Nc3 { [%emt
0:00:02]} Qc7 {[%emt 0:00:01]} 7. Be3 {[%emt 0:00:08]} Bb4 {[%emt 0:00: 04]} 8.
f3 {[%emt 0:00:12]} O-O {[%emt 0:00:08]} 9. Qd2 {[%emt 0:00:03]} d5 { [%emt
0:00:24]} 10. exd5 {[%emt 0:00:42]} exd5 {[%emt 0:00:09]} 11. O-O-O { [%emt
0:00:18]} dxc4 {[%emt 0:00:11]} 12. g4 {[%emt 0:00:18]} Nd5 {[%emt 0:00: 27]}
13. h4 {[%emt 0:00:33]} Nxe3 {[%emt 0:00:33]} 14. Qxe3 {[%emt 0:00:02]} Bd6
{[%emt 0:00:24]} 15. Kb1 {[%emt 0:00:13]} b5 {[%emt 0:00:22]} 16. Qe4 { [%emt
0:00:16]} Bb7 {[%emt 0:00:05]} 17. Nd5 {[%emt 0:00:03]} Nd7 {[%emt 0:00: 41]}
18. Nxc7 {[%emt 0:00:35]} Bxe4+ {[%emt 0:00:07]} 19. fxe4 {[%emt 0:00:00]} Bxc7
{[%emt 0:00:04]} 20. Nxb5 {[%emt 0:00:01]} axb5 {[%emt 0:00:07]} 21. Rxd7
{[%emt 0:00:01]} Bf4 {[%emt 0:00:15]} 22. Be2 {[%emt 0:00:08]} Ra5 {[%emt 0:00:
23]} 23. Rf1 {[%emt 0:00:12]} Be5 {[%emt 0:00:13]} 24. Rfd1 {[%emt 0:00:12]}
Bg3 {[%emt 0:01:01]} 25. R1d5 {[%emt 0:00:03]} Bxh4 {[%emt 0:00:17]} 26. Bxc4 {
[%emt 0:00:11]} Ra4 {[%emt 0:00:41]} 27. b3 {[%emt 0:00:17]} Rb4 {[%emt 0:00:
27]} 28. Rxb5 {[%emt 0:00:06]} Rxb5 {[%emt 0:00:13]} 29. Bxb5 {[%emt 0:00:01]}
Rd8 {[%emt 0:00:11]} 30. Rb7 {[%emt 0:00:27]} h6 {[%emt 0:00:15]} 31. Bc4 {
[%emt 0:00:12]} Rd1+ {[%emt 0:00:25]} 32. Kc2 {[%emt 0:00:06]} Re1 {[%emt 0:00:
01]} 33. a4 {[%emt 0:00:39]} Rxe4 {[%emt 0:00:11]} 34. Rb8+ {[%emt 0:00:02]}
1-0

[Event "DSJ Weihnachtsturnier U20w 2020"]
[Site "https://play.chessbase.com/en/play?room=DSJWeihnachtU20w"]
[Date "2020.12.29"]
[Round "7"]
[White "Rudolph, Eva"]
[Black "Hoffmann, Svenja"]
[Result "1-0"]
[Termination "normal"]
[Board "6.2"]
[WhiteElo "1860"]
[BlackElo "1307"]
[WhiteTeam "Düsseldorfer Schachklub 14/25"]
[BlackTeam "Schachzwerge Magdeburg"]
[PlyCount "63"]
[WhiteFideId "16200594"]
[BlackFideId "16287312"]
[EventRounds "7"]
[EventType "team-swiss"]
[EventDate "2020.12.29"]

1. e4 {[%emt 0:00:03]} e5 {[%emt 0:00:03]} 2. Nf3 {[%emt 0:00:02]} Nc6 { [%emt
0:00:02]} 3. d4 {[%emt 0:00:03]} exd4 {[%emt 0:00:04]} 4. Nxd4 {[%emt 0:
00:03]} Nxd4 {[%emt 0:00:02]} 5. Qxd4 {[%emt 0:00:03]} Nf6 {[%emt 0:00:03]} 6.
Nc3 {[%emt 0:00:03]} Qe7 {[%emt 0:00:02]} 7. Bg5 {[%emt 0:00:15]} h6 {[%emt 0:
00:07]} 8. Bh4 {[%emt 0:00:05]} g5 {[%emt 0:00:05]} 9. Bg3 {[%emt 0:00:02]} c6
{[%emt 0:00:10]} 10. O-O-O {[%emt 0:00:11]} Qd8 {[%emt 0:00:20]} 11. e5 { [%emt
0:00:19]} Nh5 {[%emt 0:00:12]} 12. Be2 {[%emt 0:00:18]} Nxg3 {[%emt 0:00: 06]}
13. hxg3 {[%emt 0:00:13]} c5 {[%emt 0:00:07]} 14. Qd5 {[%emt 0:00:11]} Bg7
{[%emt 0:00:24]} 15. Bd3 {[%emt 0:00:55]} Qe7 {[%emt 0:00:34]} 16. f4 {[%emt 0:
00:27]} f6 {[%emt 0:00:26]} 17. exf6 {[%emt 0:00:26]} Bxf6 {[%emt 0:00:07]} 18.
Rde1 {[%emt 0:00:08]} gxf4 {[%emt 0:00:19] Magdebg1-002 offers a draw} 19. gxf4
{[%emt 0:00:23]} Qxe1+ {[%emt 0:00:47]} 20. Rxe1+ {[%emt 0:00:04]} Kd8 { [%emt
0:00:06]} 21. Qd6 {[%emt 0:00:14]} Bh4 {[%emt 0:00:10]} 22. g3 {[%emt 0:
00:12]} Bxg3 {[%emt 0:00:14]} 23. Qe7+ {[%emt 0:00:03]} Kc7 {[%emt 0:00:03]}
24. Nb5+ {[%emt 0:00:02]} Kb6 {[%emt 0:00:04]} 25. Qd6+ {[%emt 0:00:17]} Ka5 {
[%emt 0:00:06]} 26. Re4 {[%emt 0:00:14]} b6 {[%emt 0:00:16]} 27. Nc3 {[%emt 0:
00:25]} Bxf4+ {[%emt 0:00:26]} 28. Qxf4 {[%emt 0:00:07]} b5 {[%emt 0:00:17]}
29. Bxb5 {[%emt 0:00:06]} Kb6 {[%emt 0:00:05]} 30. Qd6+ {[%emt 0:00:04]} Kb7 {
[%emt 0:00:06]} 31. Nd5 {[%emt 0:00:06]} Rg8 {[%emt 0:00:13]} 32. Qc7# { [%emt
0:00:05]} 1-0